| 000 | 00000nam 2200000za 4500 |
| 001 | 9.816867 |
| 003 | CaOODSP |
| 005 | 20221107142339 |
| 007 | cr ||||||||||| |
| 008 | 160504s1997 onc |o f|0| 0 fre d |
| 020 | |z92-64-25624-5 |
| 040 | |aCaOODSP|bfre |
| 043 | |an-cn--- |
| 086 | 1 |aCS89-556/1997F-PDF |
| 245 | 00|aLittératie et société du savoir |h[ressource électronique] : |bnouveaux résultats de l'Enquête internationale sur les capacités de lecture et d'écriture des adultes. |
| 260 | |8[Ottawa] : |aDéveloppement des Ressources Humaines Canada, |b1997. |
| 300 | |a207 p. : |btableaux, graphiques. |
| 500 | |aPubli. aussi en anglais sous le titre : Literacy skills for the knowledge society: further results from the international adult literacy survey. |
| 500 | |aÉdition numérisée de l'imprimé [par Statistique Canada]. |
| 692 | 07|2gccst|aAlphabétisation |
| 710 | 1 |aCanada.|bDéveloppement des ressources humaines Canada. |
| 775 | 08|tLiteracy skills for knowledge society |w(CaOODSP)9.816863 |
| 856 | 40|qPDF|s42.07 Mo|uhttps://publications.gc.ca/collections/collection_2016/statcan/CS89-556-1997-fra.pdf |